| 000 | 00000cam 2200000zi 4500 |
| 001 | 9.954245 |
| 003 | CaOODSP |
| 005 | 20260528103806 |
| 006 | m o d f |
| 007 | cr mn||||||||| |
| 008 | 250819e202508##onc o f000 0 fre d |
| 020 | |a9780660785417 |
| 040 | |aCaOODSP|bfre|erda|cCaOODSP |
| 043 | |an-cn--- |
| 086 | 1 |aP114-38/2025F-PDF |
| 245 | 00|aExamen d'une plainte : |bacquisition de services professionnels d'audit et de conseil en matière d'accessibilité des produits numériques par Emploi et Développement social Canada / |cBureau de l'ombud de l'approvisionnement. |
| 246 | 10|aAcquisition de services professionnels d'audit et de conseil en matière d'accessibilité des produits numériques par Emploi et Développement social Canada |
| 264 | 1|aOttawa, ON : |bBureau de l'ombud de l'approvisionnement = Office of the Procurement Ombud, |caoût 2025. |
| 300 | |a1 ressource en ligne (20 pages) |
| 336 | |atexte|btxt|2rdacontent/fre |
| 337 | |ainformatique|bc|2rdamedia/fre |
| 338 | |aressource en ligne|bcr|2rdacarrier/fre |
| 500 | |aTitre de la couverture. |
| 500 | |a« Promouvoir l'équité, l'ouverture et la transparence du processus d'approvisionnement fédéral. » |
| 500 | |aPublié aussi en anglais sous le titre : Review of a complaint : acquisition of digital product accessibility auditing and consulting professional services by Employment and Social Development Canada. |
| 520 | |a« Le 21 février 2025, le Bureau de l'ombud de l'approvisionnement (BOA) a reçu une plainte écrite d'un fournisseur canadien (le plaignant) concernant un contrat attribué par Emploi et Développement social Canada (EDSC). Le contrat portait sur la prestation de services d'audit et de conseil en matière d'accessibilité des produits numériques et a été attribué dans le cadre de l'arrangement en matière d'approvisionnement (AMA) en services professionnels (ProServices). Le contrat a été attribué le 18 février 2025 et a été évalué a 9 450,00 dollars canadiens (taxes en sus) » -- La plainte, page 4. |
| 610 | 16|aCanada. |bEmploi et deĢveloppement social Canada|xApprovisionnement|xÉvaluation. |
| 650 | 6|aMilieu de travail|xAccessibilité aux personnes handicapées|zCanada|xÉvaluation. |
| 650 | 6|aConseillers du gouvernement|zCanada. |
| 650 | 6|aAdministration publique en ligne|zCanada|xÉvaluation. |
| 710 | 1 |aCanada. |bBureau de l'ombud de l'approvisionnement, |eorganisme de publication. |
| 775 | 08|tReview of a complaint : |w(CaOODSP)9.954244 |
| 856 | 40|qPDF|s568 Ko|uhttps://publications.gc.ca/collections/collection_2026/spac-pspc/P114-38-2025-fra.pdf |
| 856 | 4 |qHTML|sS.O.|uhttps://opo-boa.gc.ca/praapp-prorev/2025/ep-cr-08-2025-fra.html |